These days will never come back / (Record no. 164711)

MARC details
000 -LEADER
fixed length control field 00470nam a22001697a 4500
005 - DATE AND TIME OF LATEST TRANSACTION
control field 20190524160642.0
010 ## - LCCN (DPL NO)
LC control number B-088692
020 ## - INTERNATIONAL STANDARD BOOK NUMBER
International Standard Book Number 817211274
Terms of availability 150.00
035 ## - SYSTEM CONTROL NUMBER
System control number B-088692
037 ## - SOURCE OF ACQUISITION
Source of stock number/acquisition Northen Book Center
082 ## - DEWEY DECIMAL CLASSIFICATION NUMBER
Classification number 921
100 ## - MAIN ENTRY--PERSONAL NAME
Personal name David, Yohanan Ben
245 ## - TITLE STATEMENT
Title These days will never come back /
Statement of responsibility, etc Yohanan Ben David
260 ## - PUBLICATION, DISTRIBUTION, ETC. (IMPRINT)
Place of publication, distribution, etc New Delhi
Name of publisher, distributor, etc Northen Book Center
Date of publication, distribution, etc 2002
300 ## - PHYSICAL DESCRIPTION
Extent 78p.
Dimensions 22cm(hbk)
942 ## - ADDED ENTRY ELEMENTS (KOHA)
Source of classification or shelving scheme Dewey Decimal Classification
Item type English Books
Classification part 921
Call number suffix YOH
Holdings
Withdrawn status Lost status Not for loan Collection code Home library Current library Date acquired Full call number Barcode Koha item type
      Non-fiction Sarojini Nagar Sarojini Nagar 24/05/2019 921 YOH B-088692 English Books

© Delhi Public Library
Hit Counter
free hit counter